| 000 | 005980000a22001810004500 | ||
|---|---|---|---|
| 003 | MACL | ||
| 005 | 20160401120507.0 | ||
| 008 | 160401b xxu||||| |||| 00| 0 eng d | ||
| 040 |
_aMACL _cMACL |
||
| 041 | _aHindi | ||
| 082 | _a363 HAS | ||
| 100 |
_aहाशमी शबनम _949522 |
||
| 245 |
_aबेघर बेदर _bअस्तित्व और हकमारी के भंवर में |
||
| 260 |
_bअनहद और सी एस जे _c2007 _aनई दिल्ली |
||
| 350 | _a150 | ||
| 650 |
_aSocial Problems _949523 |
||
| 942 |
_cHIN _k363/HAS _2ddc |
||
| 999 |
_c41530 _d41530 |
||